000 00542nam a22001937a 4500
999 _c3719
_d3719
003 GBCCL
005 20241126110502.0
008 171205b xxu||||| |||| 00| 0 eng d
020 _a81-7214-132-7
040 _cgbc
082 _a223.206
_bHAR
100 _aHargreaves, John
_97355
245 _aA Guide to Psalms /
_cJohn Hargreaves
260 _aDelhi:
_bISPCK,
_c2001
300 _a180p.;
_bill.,
_c23 cm.
440 _aISPCK International Study Guide
_v6
_97356
650 _aBible
_vOld Testament
_xPsalms- study
_97893
942 _2ddc
_cBK
_012